Location Problem of Osmia Cornuta Nesting Aids for Optimum Pollination

Riešenie problematiky umiestnenia pomôcok na hniezdenie pre včely Osmia cornuta (európska včela ovocná osamelého typu) v sadoch pomocou modelov matematického programovania na určenie ich optimálneho umiestnenia a optimalizáciu riadenia osamelých včiel. Použitie algoritmu diferenciálnej evolúcie na r...

Full description

Saved in:
Bibliographic Details
Main Author: Pekár, Juraj, 1972-
Other Authors: Reiff, Marian, 1978-, Brezina, Ivan, 1963-
Format: Book Chapter
Language:English
Subjects:
Tags: Add Tag
No Tags, Be the first to tag this record!

MARC

LEADER 00000naa a2200000 4500
001 0271336
005 20241014093808.1
041 0 |a eng 
044 |a US 
245 1 0 |a Location Problem of Osmia Cornuta Nesting Aids for Optimum Pollination  |c Juraj Pekár, Marian Reiff, Ivan Brezina 
520 |a Riešenie problematiky umiestnenia pomôcok na hniezdenie pre včely Osmia cornuta (európska včela ovocná osamelého typu) v sadoch pomocou modelov matematického programovania na určenie ich optimálneho umiestnenia a optimalizáciu riadenia osamelých včiel. Použitie algoritmu diferenciálnej evolúcie na riešenie modelu optimálneho opelenia. Použitie efektívneho optimalizačného nástroja na určenie miest pomôcok namiesto náhodného ad hoc umiestnenia či na okraji sadu, optimalizujúc opelenie alternatívnymi opeľovačmi a zvyšujúc ekonomický výkon poľnohospodárskeho podniku. Očakávanie nárastu významu navrhovaného modelu s intenzifikáciou poľnohospodárstva a so znižovaním počtu voľne žijúcich opeľovačov. 
610 2 0 |a včelárstvo 
610 2 0 |a poľnohospodárstvo 
610 2 0 |a podnik poľnohospodársky 
610 2 0 |a modelovanie ekonometrické 
610 2 0 |a programovanie matematické 
610 2 0 |a metódy optimalizačné 
610 2 0 |a výkonnosť podniku 
100 1 |a Pekár, Juraj, 1972- 
700 1 |a Reiff, Marian, 1978- 
700 1 |a Brezina, Ivan, 1963-